| 000 | 01144nam a2200253 a 4500 | ||
|---|---|---|---|
| 001 | 000173406 | ||
| 003 | AM-YeHGA | ||
| 005 | 20250617123453.0 | ||
| 008 | 990310s1987 ru ||||gr|||||||||0|rus|d | ||
| 040 | _aAM-YeHGA | ||
| 041 | 0 | _arus | |
| 245 | 0 | 0 |
_aСемейства Rubiaceae - Compositae / _cСост. В.Н. Гладкова и др. ; Под ред. Б.А. Юрцева. |
| 246 | 3 | 1 | _aRubiaceae - Compositae |
| 260 |
_aЛ. : _bНаука. Ленингр. отд-ние, _c1987. |
||
| 300 | _a410 с. | ||
| 440 | 0 |
_aАрктическая флора СССР : Критический обзор сосудистых растений, встречающихся в арктических районах СССР _vВып. 10 |
|
| 550 | _aЩмуц. тит. л. АН СССР. Ботанический ин-т им. В.Л. Комарова АН СССР | ||
| 650 | 1 | 4 | _aРастения - Арктика |
| 700 | 1 | _aКоробков, А.А. | |
| 700 | 1 |
_aЮрцев, Б.А. _eред. _4edt |
|
| 710 | 2 | _aБотанический институт им. В.Л. Комарова АН СССР | |
| 942 |
_2udc _cBK |
||
| 090 | _c60449 | ||
| 999 |
_c59472 _d59472 |
||